Warrior Cats: Shadowstar Quiz Stats

 Plays Quiz not verified by Sporcle

Support Sporcle.
Go Orange.
Score 0/16 Timer 10:00
0 Plays Today
Hint Answer % Correct
????
100%
????
95.6%
????
93.3%
????
74.8%
????
69.6%
????
64.4%
????
56.8%
????
53.3%
Hint Answer % Correct
????
51.4%
????
47.4%
????
45.9%
????
45.9%
????
43.2%
????
43.2%
????
42.2%
????
41.8%

You're not logged in!

Compare scores with friends on all Sporcle quizzes.
OR
Log In

From the Vault

10 to 1: North American Cities

by Chicken_Dipper

You'll have to know more than just your US cities for this quiz.
Remove Ads.
Support Sporcle.
Get the best of Sporcle when you Go Orange. This ad-free experience offers more features, more stats, and more fun while also helping to support Sporcle. Thank you for becoming a member.

Show Comments

Extras

Top Quizzes Today


Score Distribution

Your Account Isn't Verified!

In order to create a playlist on Sporcle, you need to verify the email address you used during registration. Go to your Sporcle Settings to finish the process.

Report this User

Report this user for behavior that violates our Community Guidelines.

Details: